<?xml version="1.0" encoding="UTF-8"?>
<collection xmlns="http://www.loc.gov/MARC21/slim">
 <record>
  <leader>02351nam a2200217Ia 4500</leader>
  <controlfield tag="001">CTU_116733</controlfield>
  <controlfield tag="008">210402s9999    xx            000 0 und d</controlfield>
  <datafield tag="082" ind1=" " ind2=" ">
   <subfield code="a">338.97302</subfield>
  </datafield>
  <datafield tag="082" ind1=" " ind2=" ">
   <subfield code="b">M996</subfield>
  </datafield>
  <datafield tag="100" ind1=" " ind2=" ">
   <subfield code="a">Myers, Norman</subfield>
  </datafield>
  <datafield tag="245" ind1=" " ind2="0">
   <subfield code="a">Perverse subsidies :</subfield>
  </datafield>
  <datafield tag="245" ind1=" " ind2="0">
   <subfield code="b">How tax dollars can undercut the environment and the economy</subfield>
  </datafield>
  <datafield tag="245" ind1=" " ind2="0">
   <subfield code="c">Norman Myers, Jennifer Kent</subfield>
  </datafield>
  <datafield tag="260" ind1=" " ind2=" ">
   <subfield code="a">Washington</subfield>
  </datafield>
  <datafield tag="260" ind1=" " ind2=" ">
   <subfield code="b">Island Press</subfield>
  </datafield>
  <datafield tag="260" ind1=" " ind2=" ">
   <subfield code="c">2001</subfield>
  </datafield>
  <datafield tag="520" ind1=" " ind2=" ">
   <subfield code="a">Much of the global economy depends upon large-scale government intervention in the form of subsidies, both direct and indirect, to support specific industries or economic sectors. Distressingly, many of these subsidies can be characterized as “perverse” -- rather than helping society achieve a desired goal, they work in the opposite direction, causing damage to both our economies and our environments. Worldwide subsidies have long been thought to total </subfield>
   <subfield code="2"> trillion per year, but until now, no attempt has been made to determine what proportion of that actually subverts the public interest.In Perverse Subsidies, leading environmental analyst Norman Myers takes a detailed look at the subject, offering a comprehensive view of subsidies worldwide with a particular focus on the extent, causes, and consequences of perverse subsidies. He defines many different kinds of subsidies, from tax incentives to government handouts, and considers their wide-ranging impacts, as he: examines the role of subsidies in policymaking quantifies the direct costs of perverse subsidies examines the major subsidies in agriculture, energy, road transportation, water, fisheries, and forestry considers the environmental effects of those subsidies offers policy advice and specific recommendations for eliminating harmful subsidies .The book provides a valuable framework for evaluation of perverse subsidies, and offers a dramatic illustration of the scale and dimensions of the problem. It will be the standard reference on those subsidies for government reform advocates, policy analysts, and environmentalists, as well as for scholars and students interested in the interactions between policymaking and environmental issues.</subfield>
  </datafield>
  <datafield tag="650" ind1=" " ind2=" ">
   <subfield code="a">Subsidies,Environmental degradation</subfield>
  </datafield>
  <datafield tag="650" ind1=" " ind2=" ">
   <subfield code="z">United states,United states</subfield>
  </datafield>
  <datafield tag="904" ind1=" " ind2=" ">
   <subfield code="i">Giang</subfield>
  </datafield>
  <datafield tag="980" ind1=" " ind2=" ">
   <subfield code="a">Trung tâm Học liệu Trường Đại học Cần Thơ</subfield>
  </datafield>
 </record>
</collection>
